[Event "Sebes Romanian Rapid op"]
[Site "Sebes"]
[Date "2022.12.02"]
[Round "1"]
[White "Roncea, Ioan Aurel"]
[Black "Itkis, Boris"]
[Result "0-1"]
[WhiteElo "1461"]
[BlackElo "2329"]
[PlyCount "48"]
[EventDate "2022.12.02"]
[EventType "swiss (rapid)"]
[EventRounds "8"]
[EventCountry "ROU"]
[SourceTitle "CBM 211 Extra"]
[Source "ChessBase"]
[SourceDate "2023.01.31"]
[SourceVersion "1"]
[SourceVersionDate "2023.01.31"]
[SourceQuality "1"]

1. d4 Nf6 2. Nf3 c5 3. c3 Qc7 4. Bg5 Ne4 5. Nbd2 Nxg5 6. Nxg5 g6 7. Ngf3 Bg7 8. e3 0-0 9. Be2 d5 10. 0-0 Nd7 11. Rc1 b6 12. c4 dxc4 13. Bxc4 Bb7 14. Rc2 Rac8 15. Qe2 Qb8 16. a3 cxd4 17. Nxd4 Ne5 18. N4f3 b5 19. Nxe5 Bxe5 20. Bb3 Rxc2 21. Bxc2 Bxh2+ 22. Kh1 Be5 23. Qxb5 Bxg2+ 24. Kxg2 Qxb5 0-1